Quizzes
Events
Quiz Creation
Community
Videos
Private Events
Remove Ads
Sign In
Join for FREE
Feedback
Dark Mode
Quiz Categories
Sports
Geography
Music
Movies
Television
Just For Fun
Miscellaneous
History
Literature
Language
Science
Gaming
Entertainment
Religion
Holiday
For Kids
Quiz Lab
Recent
Popular Today
Quiz Kudos Today
Editor Picks
Curator Picks
Quizzes by...
Day
Popularity
Type
Ratings
Length
Year
Community
Subscriptions
Recent Discussions
Orange Saloon
Badges
Playlists
Quests
Create
Leaderboards
Showdown
Live 5
Trivia Bingo
Activity
Puzzle Library
Sporcle Events
Private Events
Virtual Trivia
Globe League
Become a Host
Pub Owners
SporcleCon
Opinionation
Our Games
Videos
Blog
Mobile Apps
Partnerships
Remove Ads and Go Orange
Feedback
Miscellaneous
Crossword
General Knowledge
Baby Names
Logo
Food
Cars
Numbers
Grab Bag
University
College
Popular
Company
Slogans
Restaurants
Justice
Letter
Miscellaneous
Crossword
General Knowledge
Baby Names
Logo
Food
Cars
Numbers
Grab Bag
University
College
Popular
Company
Slogans
Restaurants
Justice
Letter
Random Quiz
Search Sporcle
×
Quiz Lab
Quiz Lab
Miscellaneous
Marvel
Type in answers that appear in a list
Type in answers that appear in a list
Classic
Best Score? Go Orange.
Marvel Essential Series Stats
Can you name the Marvel Essential Series?
By
wwwagoner
10m
55 Questions
165 Plays
165 Plays
165 Plays
Comments
Comments
Give Quiz Kudos
Give Quiz Kudos
-
- Ratings
hide this ad
Replay
Link that replays current quiz
Next Quiz
Link to next quiz in quiz playlist
You Got
0%
They Got
Avg Score
73%
Avg Friend Score
Upgrade to see
Score Distribution
Jump to the score distribution portion of the page
Score
0/55
Timer
10:00
0
Plays Today
Volumes
Titles
% Correct
1-
5
Iron Man
95.8%
1-
9
Avengers
95.2%
1-
11
X-men
95.2%
1-
7
Thor
94.5%
1-
9
Fantastic Four
93.9%
1-
7
Captain America
93.9%
1-
11
The Amazing Spider-man
92.1%
1-
2
Rampaging Hulk
90.9%
1-
7
Wolverine
90.3%
1-
6
Daredevil
88.5%
1-
4
Doctor Strange
87.3%
1-
3
Classic X-men
85.5%
1-
5
X-Factor
85.5%
1-
5
Peter Parker, The Spectacular Spider-man
84.8%
1-
7
The Incredible Hulk
83%
1-
2
Captain Marvel
83%
1
Astonishing Ant-man
81.2%
1-
7
Defenders
80.6%
1
Sub-Mariner
80.6%
1-
4
Marvel Team-Up
80%
1
Sgt Fury
78.8%
1-
2
Silver Surfer
78.8%
1-
4
The Punisher
78.8%
1-
2
Luke Cage, Power Man
78.2%
1-
4
Marvel Two-in-One
77.6%
1
Human Torch
77%
1
Savage She-Hulk
77%
1
Iron Fist
76.4%
Volumes
Titles
% Correct
1-
4
Ghost Rider
75.8%
1
Ms Marvel
73.9%
1-
2
Spider-woman
73.3%
1-
4
Tomb of Dracula
73.3%
1
Black Panther
73.3%
1-
2
Web of Spider-man
72.1%
1-
2
Man-Thing
69.7%
1
Howard the Duck
68.5%
1-
3
Moon Knight
68.5%
1-
2
Werewolf-by-Night
65.5%
1
Conan the Barbarian
65.5%
1
Warlock
64.8%
1-
2
Marvel Horror
63%
1
Nova
62.4%
1-
2
Power Man and Iron Fist
62.4%
1
Official Handbook of the Marvel Universe
62.4%
1
Godzilla
61.2%
1-
2
Dazzler
60.6%
1
Monster of Frankenstein
58.2%
1-
2
Marvel Saga
54.5%
1
Killraven
53.3%
1
Official Handbook of the Marvel Universe Update 89
50.9%
1-
3
Official Handbook of the Marvel Universe Deluxe Edition
50.3%
1
Rawhide Kid
49.1%
1-
3
Official Handbook of the Marvel Universe Master Edition
46.7%
1
Supervillain Team-Up
45.5%
1
Tales of the Zombie
44.8%
Quiz Playlist
Details
Report
Send in Message
Add To Playlist
Classic:
Type in answers that appear in a list
Last Updated: Mar 28, 2018
Quiz Scoreboard
CHALLENGE
Sign Up to Join the Scoreboard
Show All
Scores
Hide
Comments
May contain spoilers
Recently Published
One Thing in Common: World Cities II
by knightlancer
Geography
7m
Popular People in 1961
by mucciniale
History
6m
1-10 Letter E Words III
by El_Dandy
Language
2m
More to Explore
Quiz From the Vault
Featured Blog Post
Where Did the Easter Bunny Come From?
hide this ad
You Might Also Like...
Tags
Marvel Quiz
essential
Volume
Today's Top Quizzes in Miscellaneous
Browse Miscellaneous
hide this ad
Today's Top Quizzes in Marvel
Browse Marvel
Top Contributed Quizzes in Miscellaneous
1
The JOE quick-fire general knowledge quiz: Day 173
2
The JOE quick-fire general knowledge quiz: Day 172
3
Sunday Crossword: Famous Bodies of Water
4
Named After an Animal - Odd One Out!
5
sort kpop groups by number of members
6
One Thing in Common: United Kingdom II
7
The JOE quick-fire general knowledge quiz: Day 171
8
Lays Potato Chip Flavour Contest Finalists
9
The JOE quick-fire quiz: Day 170
10
Sunday Crossword: Themeless #5
Explore More
Trending Topics
Disney
Kpop
Marvel
Anime
Harry Potter
Crossword
NBA
WWE
Pokémon
Song
Country
NFL
Soccer
Puzzle
The Office
hide this ad
More By:
wwwagoner
Quiz
Plays
Rating
Category
Featured
Created
X-Men Complete Roster
3,823
4.00
Miscellaneous
Dec 7, 2015
Marvel vs Capcom Game Rosters
2,242
5.00
Gaming
Jun 16, 2017
Every Best Picture Winner
2,055
4.33
Movies
Sep 25, 2017
Marvel Comics Titles over 100 Issues
1,286
4.25
Miscellaneous
Mar 2, 2015
AFI Top 100 Movies 2007 vs 1997
971
4.00
Movies
Jan 5, 2017
Go to Creator's Profile
Score Distribution
Quiz Creator Spotlight
wwwagoner
Follow
Send a Message
Quizzes Created
-
Created Quiz Play Count
-
More By This Creator
Popular Quizzes Today
1
Find the US States - No Outlines Minefield
2
The Countries of the World
3
Find the Countries of Europe - No Outlines Minefield
4
Popular People in 1961
5
1-10 Letter E Words III
6
Find the US States
7
One Thing in Common: World Cities II
8
US States
More Miscellaneous Quizzes
Sporcle (high five)
Editor's Pick
Trending Quizzes
Risky Map Clicking: Least Populous States A-Z
1-10 Letter F Words
1-10 Letter G Words
One Thing in Common: United Kingdom
Risky Map Clicking: Next State Alphabetically
Recently Updated
Leaping Animals
pecheneg
Reality TV Shows (A-Z)
bhenderson79
Rickey Henderson's Hall of Fame Teammates
pecheneg
Champions League XIs: Arsenal
pecheneg
Quick Pick: Celebrities in WWE's Hall of Fame
aduchscher
A-Z Keypad Blitz II
pecheneg
Multiple Oscar Actors
pecheneg
Mystery Phrase Blitz: Oscar 'Best Actors'
pecheneg
F. Scott Fitzgerald Novels
LTH
Pick 3 Villains
ddd62291
Trending Topics
Marvel
Kpop
Disney
Anime
Harry Potter
Crossword
NBA
The Office
Country
Pokémon
Puzzle
Soccer
Song
WWE
NFL
Your Account Isn't Verified!
In order to create a playlist on Sporcle, you need to verify the email address you used during registration. Go to your
Sporcle Settings
to finish the process.
Report this User
Report this user for behavior that violates our
Community Guidelines
.
Details:
Send Report
Go to the Sporcle.com Mobile Site →
Comments